Statistics for US State Traditional Abbreviations

Click here to take the quiz!

General Stats

  • This quiz has been taken 38 times
  • The average score is 33 of 50

Answer Stats

StateAbbreviation% Correct
AlabamaAla.
91%
ArkansasArk.
77%
North CarolinaN.C.
77%
North DakotaN.D.
77%
MissouriMo.
74%
New YorkN.Y.
74%
South CarolinaS.C.
74%
DelawareDel.
71%
IllinoisIll.
71%
IowaIowa
71%
New HampshireN.H.
71%
New MexicoN.M.
71%
TexasTex.
71%
WisconsinWis.
71%
WyomingWyo.
71%
AlaskaAlaska
69%
ArizonaAriz.
69%
IndianaInd.
69%
KansasKan.
69%
MississippiMiss.
69%
New JerseyN.J.
69%
OhioOhio
69%
Rhode IslandR.I.
69%
TennesseeTenn.
69%
UtahUtah
69%
WashingtonWash.
69%
CaliforniaCalif.
66%
ConnecticutConn.
66%
HawaiiHawaii
66%
IdahoIdaho
66%
MaineMaine
66%
MassachusettsMass.
66%
MichiganMich.
66%
MinnesotaMinn.
66%
NebraskaNeb.
66%
NevadaNev.
66%
OregonOre.
66%
ColoradoColor.
63%
KentuckyKy.
63%
LouisianaLa.
63%
MontanaMont.
63%
OklahomaOkla.
63%
GeorgiaGa.
60%
MarylandMd.
60%
VermontV.T.
60%
PennsylvaniaPa.
57%
VirginiaVa.
57%
FloridaFla.
51%
South DakotaS.Dak.
49%
West VirginiaW.Va.
43%

Score Distribution

Percentile by Number Answered

Percent of People with Each Score

Your Score History

You have not taken this quiz